[Event "Montreal zt w"]
[Site "Montreal CAN"]
[Date "2017.12.26"]
[Round "1"]
[White "Ouellet, Maili-Jade"]
[Black "Tian, Sherry"]
[Result "1-0"]
[WhiteElo "2062"]
[BlackElo "1661"]
[WhiteFideId "-1"]
[WhiteFideId "-1"]
[PlyCount "125"]
[GameId "2160767908292091"]
[EventDate "2017.12.26"]
[EventType "tourn"]
[EventRounds "9"]
[EventCountry "CAN"]
[SourceTitle "CBM 182 Extra"]
[Source "ChessBase"]
[SourceDate "2018.02.23"]
[SourceVersion "1"]
[SourceVersionDate "2018.02.23"]
[SourceQuality "1"]

1. d4 d5 2. c4 c6 3. Nf3 Nf6 4. Nc3 e6 5. Bg5 Nbd7 6. e3 Be7 7. cxd5 exd5 8. Bd3 O-O 9. Qc2 Re8 10. O-O Nf8 11. h3 Nh5 12. Bxe7 Qxe7 13. Rab1 Be6 14. b4 a6 15. Ne5 Ng6 16. f4 Bc8 17. g4 Nf6 18. Rf3 Nd7 19. Ne2 Ndxe5 20. dxe5 Bd7 21. Nd4 Rac8 22. Qf2 f6 23. e6 Bxe6 24. Nxe6 Qxe6 25. f5 Qf7 26. fxg6 hxg6 27. Qc2 Re5 28. Bxg6 Qe7 29. Qc5 Qc7 30. Rbf1 b6 31. Qc3 c5 32. bxc5 bxc5 33. Qe1 Rg5 34. Bf5 Rb8 35. h4 Rxf5 36. gxf5 Rb2 37. R1f2 Rb4 38. Rg2 Rb7 39. h5 Qb8 40. Qg3 Qe8 41. h6 Qh5 42. hxg7 Rb1+ 43. Rf1 Rxf1+ 44. Kxf1 Qxf5+ 45. Kg1 Qb1+ 46. Kh2 c4 47. Qh3 Qb8+ 48. Kh1 Qb1+ 49. Rg1 Qe4+ 50. Kh2 Qe5+ 51. Rg3 Qb2+ 52. Qg2 Qe5 53. Qc2 Qh5+ 54. Kg2 a5 55. Rh3 Qg5+ 56. Kf2 f5 57. Rh8+ Kxg7 58. Qb2+ Kf7 59. Qb7+ Kf6 60. Rf8+ Ke6 61. Qc6+ Ke7 62. Re8+ Kf7 63. Qe6+ 1-0

[Event "Montreal zt w"]
[Site "Montreal CAN"]
[Date "2017.12.26"]
[Round "1"]
[White "Wang, Jiaying"]
[Black "Khoudgarian, Natalia"]
[Result "1-0"]
[WhiteElo "1919"]
[BlackElo "2100"]
[WhiteFideId "-1"]
[WhiteFideId "-1"]
[PlyCount "75"]
[GameId "2160767908292092"]
[EventDate "2017.12.26"]
[EventType "tourn"]
[EventRounds "9"]
[EventCountry "CAN"]
[SourceTitle "CBM 182 Extra"]
[Source "ChessBase"]
[SourceDate "2018.02.23"]
[SourceVersion "1"]
[SourceVersionDate "2018.02.23"]
[SourceQuality "1"]

1. e4 e6 2. c4 d5 3. d3 dxe4 4. dxe4 Qxd1+ 5. Kxd1 Nf6 6. f3 Nc6 7. Nc3 Bd7 8. a3 a5 9. Be3 O-O-O 10. Kc2 e5 11. Nge2 Be6 12. Nd5 Nd7 13. Kc3 a4 14. Nc1 Bc5 15. Nd3 Bxe3 16. Nxe3 Nd4 17. Rd1 f6 18. f4 Rhe8 19. fxe5 Nxe5 20. Nc5 Ndc6 21. Rxd8+ Nxd8 22. Nxa4 Ng4 23. Nxg4 Bxg4 24. Bd3 Re5 25. b4 Nf7 26. Kd4 Bh5 27. Nc3 Bg6 28. Rf1 Ng5 29. h4 Ne6+ 30. Ke3 f5 31. Nd5 Kd7 32. Nf4 fxe4 33. Nxg6 hxg6 34. Bxe4 g5 35. Rf7+ Ke8 36. Rf5 Rxf5 37. Bxf5 Nf4 38. g3 1-0

[Event "Montreal zt w"]
[Site "Montreal CAN"]
[Date "2017.12.26"]
[Round "1"]
[White "Xu, Ruoying"]
[Black "Cui, Cynthia"]
[Result "0-1"]
[WhiteElo "2020"]
[BlackElo "1604"]
[WhiteFideId "-1"]
[WhiteFideId "-1"]
[PlyCount "108"]
[GameId "2160767908292093"]
[EventDate "2017.12.26"]
[EventType "tourn"]
[EventRounds "9"]
[EventCountry "CAN"]
[SourceTitle "CBM 182 Extra"]
[Source "ChessBase"]
[SourceDate "2018.02.23"]
[SourceVersion "1"]
[SourceVersionDate "2018.02.23"]
[SourceQuality "1"]

1. d4 d5 2. Nf3 e6 3. c3 Nf6 4. Bg5 Be7 5. Nbd2 O-O 6. e3 b6 7. Qc2 Bb7 8. Bd3 h6 9. Bh4 Nbd7 10. O-O c5 11. h3 Re8 12. Ne5 Nxe5 13. dxe5 Nd7 14. Bg3 Rc8 15. Rad1 Qc7 16. f4 c4 17. Be2 Bc5 18. Bf2 b5 19. Nf3 a5 20. Nd4 b4 21. Bh5 Ba6 22. Rfe1 Rb8 23. Bg3 bxc3 24. bxc3 Ba3 25. Bxf7+ Kxf7 26. f5 Kg8 27. Nxe6 Qc6 28. Qe2 Nc5 29. Nd4 Qc7 30. Qg4 Ne4 31. Bf4 Kh8 32. Qg6 Bf8 33. Ne6 Qe7 34. Rxd5 Rb6 35. Qg4 Bc8 36. Nxf8 Qxf8 37. e6 Nf6 38. Qf3 Nxd5 39. Qxd5 Bb7 40. Qxc4 Rb2 41. e4 Rc8 42. Qd4 Qd8 43. Qe5 Qh4 44. Bg3 Qg5 45. Qf4 Qxf4 46. Bxf4 Rxa2 47. Be5 Kh7 48. Re3 Rg8 49. e7 Bc6 50. Rg3 Re2 51. Rg6 Rxe4 52. Re6 Bd7 53. Rd6 Rxe5 54. Rxd7 Re8 0-1

[Event "Montreal zt w"]
[Site "Montreal CAN"]
[Date "2017.12.26"]
[Round "1"]
[White "Zhou, Qiyu"]
[Black "Chao, Lucy"]
[Result "1-0"]
[WhiteElo "2240"]
[BlackElo "1331"]
[WhiteFideId "-1"]
[WhiteFideId "-1"]
[PlyCount "89"]
[GameId "2160767908292094"]
[EventDate "2017.12.26"]
[EventType "tourn"]
[EventRounds "9"]
[EventCountry "CAN"]
[SourceTitle "CBM 182 Extra"]
[Source "ChessBase"]
[SourceDate "2018.02.23"]
[SourceVersion "1"]
[SourceVersionDate "2018.02.23"]
[SourceQuality "1"]

1. e4 c6 2. d4 d5 3. exd5 cxd5 4. Bd3 Nc6 5. c3 Nf6 6. h3 e5 7. dxe5 Nxe5 8. Nf3 Nxd3+ 9. Qxd3 Bd6 10. O-O O-O 11. Bg5 Bc7 12. Na3 a6 13. Nc2 Qd6 14. Ne3 Rd8 15. Rad1 Bd7 16. Nxd5 Qxd5 17. Qxd5 Nxd5 18. Bxd8 Rxd8 19. Rxd5 Bc6 20. Rxd8+ Bxd8 21. Ne5 Be8 22. Re1 f6 23. Nc4 Kf8 24. b3 Bc7 25. Ne3 Bf7 26. Rd1 Be6 27. Nd5 Be5 28. c4 Kf7 29. Kf1 h6 30. Ke2 h5 31. Ke3 g5 32. Ke4 Kg6 33. Ne7+ Kf7 34. Nf5 Kg6 35. g4 h4 36. f3 Bc7 37. c5 Bxf5+ 38. gxf5+ Kf7 39. Rd7+ Ke8 40. Rxc7 Kd8 41. Rxb7 Kc8 42. c6 Kd8 43. Kd5 Kc8 44. Kd6 Kd8 45. Rb8# 1-0

[Event "Montreal zt w"]
[Site "Montreal CAN"]
[Date "2017.12.27"]
[Round "2"]
[White "Chao, Lucy"]
[Black "Matras-Clement, Agnieszka"]
[Result "0-1"]
[WhiteElo "1331"]
[BlackElo "2260"]
[WhiteFideId "-1"]
[WhiteFideId "-1"]
[PlyCount "40"]
[GameId "2160767908292095"]
[EventDate "2017.12.26"]
[EventType "tourn"]
[EventRounds "9"]
[EventCountry "CAN"]
[SourceTitle "CBM 182 Extra"]
[Source "ChessBase"]
[SourceDate "2018.02.23"]
[SourceVersion "1"]
[SourceVersionDate "2018.02.23"]
[SourceQuality "1"]

1. e4 c5 2. Nf3 Nc6 3. d4 cxd4 4. Nxd4 Nf6 5. Nc3 e6 6. Ndb5 d6 7. Bf4 e5 8. Bg5 a6 9. Na3 b5 10. Nd5 Be7 11. Bxf6 Bxf6 12. Nxf6+ Qxf6 13. Qd5 Bb7 14. c4 b4 15. Nc2 O-O 16. Qd2 a5 17. Ne3 Nd4 18. Nc2 Ne6 19. Bd3 Nf4 20. O-O Qg5 0-1

[Event "Montreal zt w"]
[Site "Montreal CAN"]
[Date "2017.12.27"]
[Round "2"]
[White "Demchenko, Svitlana"]
[Black "Xu, Ruoying"]
[Result "1/2-1/2"]
[WhiteElo "2081"]
[BlackElo "2020"]
[WhiteFideId "-1"]
[WhiteFideId "-1"]
[PlyCount "123"]
[GameId "2160767908292096"]
[EventDate "2017.12.26"]
[EventType "tourn"]
[EventRounds "9"]
[EventCountry "CAN"]
[SourceTitle "CBM 182 Extra"]
[Source "ChessBase"]
[SourceDate "2018.02.23"]
[SourceVersion "1"]
[SourceVersionDate "2018.02.23"]
[SourceQuality "1"]

1. e4 e5 2. Nf3 Nc6 3. d4 exd4 4. Nxd4 Bc5 5. Be3 Bb6 6. Be2 d6 7. O-O Nf6 8. Nc3 O-O 9. Nxc6 bxc6 10. Bxb6 axb6 11. f4 Ba6 12. Bxa6 Rxa6 13. Qd3 Ra5 14. a4 Nd7 15. Rad1 Qe7 16. e5 d5 17. Rfe1 Raa8 18. Qg3 Rae8 19. Re2 f5 20. Qf3 Nc5 21. Kh1 Ne6 22. Red2 Qb4 23. Ne2 Qxa4 24. b3 Qe4 25. Qf2 Qb4 26. Rd3 Qc5 27. Qf3 b5 28. Rc3 Qb6 29. h3 b4 30. Rcd3 Nc5 31. Rd4 Ne6 32. R4d3 Nc5 33. Rd4 Ne6 34. R4d2 Qc5 35. Rg1 Kh8 36. g4 g6 37. g5 d4 38. Kh2 Rd8 39. Rgd1 Rd5 40. h4 Rfd8 41. Nc1 Qc3 42. Nd3 c5 43. h5 Kg7 44. Kg3 c4 45. bxc4 Qxc4 46. hxg6 hxg6 47. Rh2 Nc5 48. Qh1 Ne4+ 49. Kf3 Kf7 50. Rh7+ Ke6 51. Qh6 Rg8 52. Rg7 Rxg7 53. Qxg7 Qxc2 54. Qxg6+ Ke7 55. Qg7+ Ke8 56. Qg6+ Ke7 57. Qg7+ Ke8 58. Qg6+ Ke7 59. Qh7+ Ke8 60. Qg6+ Ke7 61. Qg7+ Ke8 62. Qg6+ 1/2-1/2

[Event "Montreal zt w"]
[Site "Montreal CAN"]
[Date "2017.12.27"]
[Round "2"]
[White "Khoudgarian, Natalia"]
[Black "Cui, Cynthia"]
[Result "1-0"]
[WhiteElo "2100"]
[BlackElo "1604"]
[WhiteFideId "-1"]
[WhiteFideId "-1"]
[PlyCount "83"]
[GameId "2160767908292097"]
[EventDate "2017.12.26"]
[EventType "tourn"]
[EventRounds "9"]
[EventCountry "CAN"]
[SourceTitle "CBM 182 Extra"]
[Source "ChessBase"]
[SourceDate "2018.02.23"]
[SourceVersion "1"]
[SourceVersionDate "2018.02.23"]
[SourceQuality "1"]

1. e4 e6 2. d4 d5 3. Nd2 c5 4. Ngf3 cxd4 5. exd5 Qxd5 6. Bc4 Qd6 7. O-O Nf6 8. Nb3 Nc6 9. Nbxd4 Nxd4 10. Nxd4 a6 11. c3 Qc7 12. Bb3 Bd6 13. h3 O-O 14. Re1 Re8 15. Bg5 Bd7 16. Bxf6 gxf6 17. Qg4+ Kh8 18. Qh4 Be7 19. Nf5 Bd8 20. Bc2 Rg8 21. Nh6 Rg7 22. Rad1 Bc6 23. g3 Be7 24. Kh2 f5 25. Qh5 Rf8 26. h4 Bd6 27. Rxd6 Qxd6 28. Rd1 Qc5 29. Rd4 Qb6 30. b4 a5 31. a3 axb4 32. axb4 Bd5 33. Qd1 Rg6 34. Qd2 Bc6 35. c4 Bf3 36. c5 Qa6 37. Qc3 Bc6 38. Rd8+ f6 39. Rxf8+ Kg7 40. Rf7+ Kxh6 41. Qe3+ Rg5 42. Rxf6+ 1-0

[Event "Montreal zt w"]
[Site "Montreal CAN"]
[Date "2017.12.27"]
[Round "2"]
[White "Tian, Sherry"]
[Black "Zhou, Qiyu"]
[Result "1/2-1/2"]
[WhiteElo "1661"]
[BlackElo "2240"]
[WhiteFideId "-1"]
[WhiteFideId "-1"]
[PlyCount "96"]
[GameId "2160767908292098"]
[EventDate "2017.12.26"]
[EventType "tourn"]
[EventRounds "9"]
[EventCountry "CAN"]
[SourceTitle "CBM 182 Extra"]
[Source "ChessBase"]
[SourceDate "2018.02.23"]
[SourceVersion "1"]
[SourceVersionDate "2018.02.23"]
[SourceQuality "1"]

1. d4 Nf6 2. c4 e6 3. Nf3 b6 4. Bg5 Bb7 5. e3 Be7 6. Bd3 O-O 7. Nbd2 d5 8. Qc2 Nbd7 9. O-O h6 10. Bh4 Rc8 11. e4 dxe4 12. Nxe4 Nh5 13. Bxe7 Qxe7 14. Rfe1 Nf4 15. Bf1 Nf6 16. Ned2 Qd8 17. g3 N4h5 18. Rad1 c5 19. dxc5 bxc5 20. Bg2 Qc7 21. Nb1 Rfd8 22. Nc3 a6 23. b3 g6 24. Qc1 Kh7 25. Qe3 Ng7 26. Qe5 Rxd1 27. Rxd1 Bxf3 28. Qxc7 Rxc7 29. Bxf3 Nf5 30. Ne2 Kg7 31. h3 h5 32. Kf1 Nd7 33. Be4 Kf6 34. Bxf5 Kxf5 35. Nc3 Ne5 36. Ke2 Nc6 37. Ke3 Nd4 38. Rd2 g5 39. Ne4 e5 40. f3 Kg6 41. f4 Nf5+ 42. Kf3 Nd4+ 43. Ke3 exf4+ 44. gxf4 Nf5+ 45. Kf3 Nd4+ 46. Ke3 Nf5+ 47. Kf3 Nd4+ 48. Ke3 Nf5+ 1/2-1/2

[Event "Montreal zt w"]
[Site "Montreal CAN"]
[Date "2017.12.27"]
[Round "2"]
[White "Wang, Jiaying"]
[Black "Ouellet, Maili-Jade"]
[Result "0-1"]
[WhiteElo "1919"]
[BlackElo "2062"]
[WhiteFideId "-1"]
[WhiteFideId "-1"]
[PlyCount "68"]
[GameId "2160767908292099"]
[EventDate "2017.12.26"]
[EventType "tourn"]
[EventRounds "9"]
[EventCountry "CAN"]
[SourceTitle "CBM 182 Extra"]
[Source "ChessBase"]
[SourceDate "2018.02.23"]
[SourceVersion "1"]
[SourceVersionDate "2018.02.23"]
[SourceQuality "1"]

1. e4 c5 2. Nf3 d6 3. c3 Nf6 4. Be2 g6 5. Na3 Bg7 6. d3 O-O 7. Be3 Nc6 8. Qd2 Rb8 9. h3 b5 10. g4 a5 11. Bh6 Ne5 12. Bxg7 Kxg7 13. g5 Nfd7 14. Nxe5 dxe5 15. d4 exd4 16. cxd4 c4 17. Qf4 Re8 18. Qh4 e5 19. d5 Qe7 20. Nc2 Ba6 21. Qh6+ Kg8 22. h4 Nc5 23. h5 Nxe4 24. hxg6 fxg6 25. d6 Nxd6 26. O-O-O Nf5 27. Qh3 Qxg5+ 28. Kb1 Re7 29. Rdg1 Qf6 30. Bg4 Rf8 31. Bh5 Bb7 32. Rh2 Be4 33. Qc3 Nd4 34. Bd1 Bxc2+ 0-1

[Event "Montreal zt w"]
[Site "Montreal CAN"]
[Date "2017.12.28"]
[Round "3"]
[White "Cui, Cynthia"]
[Black "Demchenko, Svitlana"]
[Result "0-1"]
[WhiteElo "1604"]
[BlackElo "2081"]
[WhiteFideId "-1"]
[WhiteFideId "-1"]
[PlyCount "106"]
[GameId "2160767908292100"]
[EventDate "2017.12.26"]
[EventType "tourn"]
[EventRounds "9"]
[EventCountry "CAN"]
[SourceTitle "CBM 182 Extra"]
[Source "ChessBase"]
[SourceDate "2018.02.23"]
[SourceVersion "1"]
[SourceVersionDate "2018.02.23"]
[SourceQuality "1"]

1. c4 g6 2. Nf3 Nf6 3. g3 Bg7 4. Bg2 O-O 5. O-O d6 6. Nc3 Nc6 7. Rb1 Bf5 8. d3 Qd7 9. Re1 e5 10. b4 Bh3 11. Bh1 h6 12. b5 Ne7 13. Bb2 Nh5 14. Qb3 f5 15. c5+ Kh7 16. Nd2 Rab8 17. cxd6 cxd6 18. Ba3 f4 19. Nde4 fxg3 20. hxg3 Nf5 21. Qb4 a5 22. Qxa5 Nfxg3 23. Nxg3 Nxg3 24. fxg3 Qg4 25. Ne4 d5 26. Bf3 Rxf3 27. exf3 Qxf3 28. Qd2 dxe4 29. Re3 Qg4 30. dxe4 Bf6 31. Qd6 Bg5 32. Rc3 Re8 33. Qc7+ Kh8 34. Qf7 Rd8 35. Qf3 Qd7 36. Rc5 Qd4+ 37. Kh1 Be6 38. Rc2 h5 39. Bb2 Qd6 40. Rh2 Bc4 41. Bc1 Be7 42. Be3 Qe6 43. g4 Bd3 44. Rc1 Ba3 45. Rc3 Bb4 46. Rc7 Rf8 47. Qg2 Rf1+ 48. Bg1 Ba5 49. Rxb7 Qc8 50. Ra7 Bb6 51. Rxh5+ gxh5 52. Qh3 Rxg1+ 53. Kh2 Qc2+ 0-1

[Event "Montreal zt w"]
[Site "Montreal CAN"]
[Date "2017.12.28"]
[Round "3"]
[White "Matras-Clement, Agnieszka"]
[Black "Tian, Sherry"]
[Result "1-0"]
[WhiteElo "2260"]
[BlackElo "1661"]
[WhiteFideId "-1"]
[WhiteFideId "-1"]
[PlyCount "71"]
[GameId "2160767908292101"]
[EventDate "2017.12.26"]
[EventType "tourn"]
[EventRounds "9"]
[EventCountry "CAN"]
[SourceTitle "CBM 182 Extra"]
[Source "ChessBase"]
[SourceDate "2018.02.23"]
[SourceVersion "1"]
[SourceVersionDate "2018.02.23"]
[SourceQuality "1"]

1. e4 c6 2. d4 d5 3. exd5 cxd5 4. c4 Nf6 5. Nc3 Nc6 6. Bg5 dxc4 7. Bxc4 e6 8. Nf3 Be7 9. O-O O-O 10. a3 a6 11. Qd3 b5 12. Bb3 Bb7 13. Rfd1 Rc8 14. Rac1 Qd6 15. Bc2 g6 16. b4 Nb8 17. Bb3 Nbd7 18. Bh4 Rfd8 19. Bg3 Qb6 20. Qe2 Bf8 21. Bh4 Re8 22. Ne5 Bg7 23. Rd3 Nxe5 24. dxe5 Nd5 25. Bxd5 Bxd5 26. Qe1 Qc6 27. f3 Qc4 28. Rdd1 Qb3 29. Nxd5 Rxc1 30. Ne7+ Rxe7 31. Rd8+ Bf8 32. Qxc1 Rb7 33. Rxf8+ Kxf8 34. Qc8+ Kg7 35. Bf6+ Kh6 36. Qf8+ 1-0

[Event "Montreal zt w"]
[Site "Montreal CAN"]
[Date "2017.12.28"]
[Round "3"]
[White "Ouellet, Maili-Jade"]
[Black "Khoudgarian, Natalia"]
[Result "1-0"]
[WhiteElo "2062"]
[BlackElo "2100"]
[WhiteFideId "-1"]
[WhiteFideId "-1"]
[PlyCount "75"]
[GameId "2160767908292102"]
[EventDate "2017.12.26"]
[EventType "tourn"]
[EventRounds "9"]
[EventCountry "CAN"]
[SourceTitle "CBM 182 Extra"]
[Source "ChessBase"]
[SourceDate "2018.02.23"]
[SourceVersion "1"]
[SourceVersionDate "2018.02.23"]
[SourceQuality "1"]

1. d4 e6 2. c4 f5 3. Nf3 Nf6 4. Nc3 Bb4 5. Qb3 Qe7 6. g3 O-O 7. Bg2 Ne4 8. O-O Bxc3 9. bxc3 d6 10. Nd2 Nxd2 11. Bxd2 c5 12. e4 Nc6 13. exf5 cxd4 14. fxe6 Bxe6 15. Rae1 Kh8 16. Bd5 Nd8 17. cxd4 Qf6 18. Bg5 Qxg5 19. Bxe6 Nc6 20. Re4 Qf6 21. Qe3 Rae8 22. d5 Ne5 23. f4 b6 24. Re1 Ng6 25. Qa3 Qe7 26. Bf5 Qf7 27. Qxd6 Rd8 28. Bxg6 hxg6 29. Qe5 b5 30. Qd4 bxc4 31. Re7 Qf6 32. Qxc4 Rc8 33. Qe4 Qb6+ 34. Kg2 Qa5 35. Re2 Rf5 36. g4 Rf6 37. Qe5 Kh7 38. g5 1-0

[Event "Montreal zt w"]
[Site "Montreal CAN"]
[Date "2017.12.28"]
[Round "3"]
[White "Xu, Ruoying"]
[Black "Chao, Lucy"]
[Result "1-0"]
[WhiteElo "2020"]
[BlackElo "1331"]
[WhiteFideId "-1"]
[WhiteFideId "-1"]
[PlyCount "99"]
[GameId "2160767908292103"]
[EventDate "2017.12.26"]
[EventType "tourn"]
[EventRounds "9"]
[EventCountry "CAN"]
[SourceTitle "CBM 182 Extra"]
[Source "ChessBase"]
[SourceDate "2018.02.23"]
[SourceVersion "1"]
[SourceVersionDate "2018.02.23"]
[SourceQuality "1"]

1. d4 d5 2. Nf3 Nf6 3. Bf4 Bf5 4. e3 e6 5. Bd3 Bg6 6. h3 c6 7. Ne5 Bd6 8. O-O Qc7 9. c4 dxc4 10. Bxc4 Nbd7 11. Nxd7 Qxd7 12. Bxd6 Qxd6 13. Nc3 O-O 14. a4 c5 15. Nb5 Qc6 16. Rc1 a6 17. Na3 cxd4 18. Bb3 Qd7 19. Qxd4 Qxd4 20. exd4 Rfd8 21. Rfd1 Rd7 22. Nc4 Rad8 23. Ne5 Rd6 24. a5 Be4 25. Rc7 Nd7 26. Re1 Bd5 27. Bxd5 Rxd5 28. Rxb7 Nxe5 29. Rxe5 Rxd4 30. Rc5 g6 31. Rb6 R4d6 32. Rcc6 Rxc6 33. Rxc6 Ra8 34. Rb6 Kf8 35. f4 Ke8 36. Kf2 Ra7 37. Ke3 Kd7 38. Kd4 Kc7 39. Kc5 Kd7 40. Rd6+ Kc7 41. b4 h5 42. g4 hxg4 43. hxg4 Ra8 44. Rc6+ Kd7 45. Rb6 Rc8+ 46. Kd4 Rc6 47. Rb7+ Ke8 48. Ke5 Rc4 49. b5 axb5 50. a6 1-0

[Event "Montreal zt w"]
[Site "Montreal CAN"]
[Date "2017.12.28"]
[Round "3"]
[White "Zhou, Qiyu"]
[Black "Wang, Jiaying"]
[Result "1-0"]
[WhiteElo "2240"]
[BlackElo "1919"]
[WhiteFideId "-1"]
[WhiteFideId "-1"]
[PlyCount "63"]
[GameId "2160767908292104"]
[EventDate "2017.12.26"]
[EventType "tourn"]
[EventRounds "9"]
[EventCountry "CAN"]
[SourceTitle "CBM 182 Extra"]
[Source "ChessBase"]
[SourceDate "2018.02.23"]
[SourceVersion "1"]
[SourceVersionDate "2018.02.23"]
[SourceQuality "1"]

1. e4 c5 2. Nf3 d6 3. d4 cxd4 4. Nxd4 Nf6 5. Nc3 a6 6. Be3 b5 7. a4 b4 8. Nd5 Nxd5 9. exd5 Bb7 10. Nb3 Nd7 11. Be2 Nb6 12. Na5 Qc7 13. Nxb7 Qxb7 14. Bf3 Nd7 15. O-O Nf6 16. Re1 g6 17. Bf4 Kd7 18. Rc1 Bg7 19. c4 bxc3 20. Rxc3 Rhb8 21. Rce3 Ng8 22. Qe2 Bf6 23. b3 Qb4 24. Bg3 h5 25. h4 Rc8 26. Bxh5 gxh5 27. Qxh5 Ke8 28. Re4 Qc5 29. Rg4 Kd7 30. Qf5+ e6 31. dxe6+ Kd8 32. Rxg8+ 1-0

[Event "Montreal zt w"]
[Site "Montreal CAN"]
[Date "2017.12.28"]
[Round "4"]
[White "Chao, Lucy"]
[Black "Cui, Cynthia"]
[Result "0-1"]
[WhiteElo "1331"]
[BlackElo "1604"]
[WhiteFideId "-1"]
[WhiteFideId "-1"]
[PlyCount "102"]
[GameId "2160767908292105"]
[EventDate "2017.12.26"]
[EventType "tourn"]
[EventRounds "9"]
[EventCountry "CAN"]
[SourceTitle "CBM 182 Extra"]
[Source "ChessBase"]
[SourceDate "2018.02.23"]
[SourceVersion "1"]
[SourceVersionDate "2018.02.23"]
[SourceQuality "1"]

1. e4 e6 2. d4 d5 3. Nd2 c5 4. exd5 Qxd5 5. Ngf3 cxd4 6. Bc4 Qd6 7. O-O Nf6 8. Nb3 Nc6 9. Nbxd4 Nxd4 10. Nxd4 a6 11. c3 Qc7 12. Bb3 Bd6 13. h3 O-O 14. Bc2 b5 15. Bg5 Be7 16. Qd3 g6 17. Nxb5 axb5 18. Bxf6 Bxf6 19. Qf3 Bxc3 20. Qxc3 Qxc3 21. bxc3 Ra3 22. Bb3 Bb7 23. Rfd1 Rc8 24. Rac1 Ra6 25. Rd4 Rc5 26. a4 bxa4 27. Bxa4 Bd5 28. Rb4 Ra8 29. c4 Rac8 30. Bb5 Kg7 31. f3 e5 32. Kf2 Be6 33. Ke3 Rd8 34. Rb2 Rb8 35. Kd3 Bxc4+ 36. Rxc4 Rcxb5 37. Rxb5 Rxb5 38. Ke4 f5+ 39. Ke3 Rb3+ 40. Kf2 Rb2+ 41. Kg3 f4+ 42. Kh2 Rb7 43. Rc6 Re7 44. Rc4 Kf6 45. Rb4 Kf5 46. Re4 Rd7 47. g4+ fxg3+ 48. Kxg3 Rd4 49. Rg4 g5 50. Kf2 Rxg4 51. hxg4+ Kf4 0-1

[Event "Montreal zt w"]
[Site "Montreal CAN"]
[Date "2017.12.28"]
[Round "4"]
[White "Khoudgarian, Natalia"]
[Black "Demchenko, Svitlana"]
[Result "1-0"]
[WhiteElo "2100"]
[BlackElo "2081"]
[WhiteFideId "-1"]
[WhiteFideId "-1"]
[PlyCount "65"]
[GameId "2160767908292106"]
[EventDate "2017.12.26"]
[EventType "tourn"]
[EventRounds "9"]
[EventCountry "CAN"]
[SourceTitle "CBM 182 Extra"]
[Source "ChessBase"]
[SourceDate "2018.02.23"]
[SourceVersion "1"]
[SourceVersionDate "2018.02.23"]
[SourceQuality "1"]

1. e4 g6 2. d4 Bg7 3. f4 d6 4. Nf3 Nf6 5. Bd3 O-O 6. O-O c5 7. c3 cxd4 8. cxd4 Nc6 9. Nc3 Bg4 10. Be3 e5 11. fxe5 dxe5 12. d5 Nd4 13. Bxd4 exd4 14. Ne2 Re8 15. Ng3 h5 16. Qd2 h4 17. Nxh4 Nxd5 18. exd5 Qxh4 19. Qf4 Qe7 20. Bxg6 fxg6 21. Qxg4 Qd6 22. Ne4 Qb6 23. Rae1 Rf8 24. Ng5 d3+ 25. Kh1 Rxf1+ 26. Rxf1 Rf8 27. Rxf8+ Bxf8 28. Qd7 Be7 29. Qxe7 Qf2 30. Qh7+ Kf8 31. Ne6+ Ke8 32. Qh8+ Ke7 33. Qd8+ 1-0

[Event "Montreal zt w"]
[Site "Montreal CAN"]
[Date "2017.12.28"]
[Round "4"]
[White "Ouellet, Maili-Jade"]
[Black "Zhou, Qiyu"]
[Result "0-1"]
[WhiteElo "2062"]
[BlackElo "2240"]
[WhiteFideId "-1"]
[WhiteFideId "-1"]
[PlyCount "146"]
[GameId "2160767908292107"]
[EventDate "2017.12.26"]
[EventType "tourn"]
[EventRounds "9"]
[EventCountry "CAN"]
[SourceTitle "CBM 182 Extra"]
[Source "ChessBase"]
[SourceDate "2018.02.23"]
[SourceVersion "1"]
[SourceVersionDate "2018.02.23"]
[SourceQuality "1"]

1. d4 Nf6 2. c4 e6 3. Nf3 b6 4. g3 Ba6 5. b3 Bb4+ 6. Bd2 Be7 7. Bg2 c6 8. Bc3 d5 9. Ne5 Nfd7 10. Nxd7 Nxd7 11. Nd2 O-O 12. O-O Rc8 13. e4 b5 14. f4 dxe4 15. Nxe4 bxc4 16. Qe2 c5 17. Rfd1 Qc7 18. Kh1 Nf6 19. Nxc5 Bxc5 20. dxc5 Qxc5 21. Bxf6 gxf6 22. Qg4+ Kh8 23. Qh4 Qf5 24. Re1 Bb5 25. bxc4 Rxc4 26. Rac1 Rfc8 27. Rxc4 Bxc4 28. Rc1 Rb8 29. Bh3 Qe4+ 30. Bg2 Qf5 31. Bh3 Bd5+ 32. Kg1 Qg6 33. f5 Qg5 34. Qxg5 fxg5 35. fxe6 fxe6 36. Rc2 Rb7 37. Re2 Rb6 38. Bg2 Bxg2 39. Kxg2 Kg7 40. Rf2 Rb5 41. Rd2 Kf6 42. Kf3 h5 43. Ke4 Re5+ 44. Kf3 Kf5 45. Kf2 Ra5 46. Ke3 Re5+ 47. Kf3 Ra5 48. Ke3 Ke5 49. Kf3 Ra3+ 50. Kf2 a5 51. Re2+ Kf5 52. Rc2 e5 53. Re2 a4 54. Rc2 Ke4 55. Re2+ Kd4 56. Rb2 Kd3 57. Re2 Kd4 58. Rb2 Rc3 59. Rd2+ Rd3 60. Rc2 Rd1 61. Rb2 Kd3 62. Rb5 Rd2+ 63. Kf1 Ke4 64. Rb8 Rxa2 65. Rh8 a3 66. Ra8 Ke3 67. Kg1 e4 68. Ra5 Kf3 69. Rf5+ Kg4 70. Re5 Re2 71. Ra5 a2 72. Kh1 Kf3 73. Rf5+ Ke3 0-1

[Event "Montreal zt w"]
[Site "Montreal CAN"]
[Date "2017.12.28"]
[Round "4"]
[White "Tian, Sherry"]
[Black "Xu, Ruoying"]
[Result "1/2-1/2"]
[WhiteElo "1661"]
[BlackElo "2020"]
[WhiteFideId "-1"]
[WhiteFideId "-1"]
[PlyCount "120"]
[GameId "2160767908292108"]
[EventDate "2017.12.26"]
[EventType "tourn"]
[EventRounds "9"]
[EventCountry "CAN"]
[SourceTitle "CBM 182 Extra"]
[Source "ChessBase"]
[SourceDate "2018.02.23"]
[SourceVersion "1"]
[SourceVersionDate "2018.02.23"]
[SourceQuality "1"]

1. d4 Nf6 2. c4 c5 3. d5 b5 4. cxb5 a6 5. b6 d6 6. Nc3 Nbd7 7. e4 Nxb6 8. h3 g6 9. Nf3 Bg7 10. Be2 O-O 11. O-O Nfd7 12. Be3 Bb7 13. Qb3 Qc7 14. Rfd1 Rfc8 15. Rac1 Rab8 16. Rd2 Qd8 17. Rdd1 c4 18. Qc2 Ba8 19. Rd2 Nc5 20. Rdd1 Qe8 21. Rb1 Nba4 22. Bd4 Nxc3 23. bxc3 Rxb1 24. Rxb1 Nd7 25. Qa4 Nc5 26. Qxe8+ Rxe8 27. Bxg7 Kxg7 28. Nd2 f5 29. f3 e6 30. Bxc4 exd5 31. exd5 Na4 32. Rb3 Re5 33. Rb8 Bxd5 34. Bxa6 Nxc3 35. Nc4 Re1+ 36. Kh2 Ra1 37. Nxd6 Rxa2 38. Bc4 Bxc4 39. Nxc4 Ra7 40. Kg3 Nd5 41. Rd8 Nf6 42. Rd2 Nh5+ 43. Kf2 f4 44. Nd6 Ng3 45. Ne4 Nxe4+ 46. fxe4 Kf6 47. Kf3 g5 48. Rd6+ Ke5 49. Rd5+ Kf6 50. h4 Ra3+ 51. Kf2 h6 52. Rf5+ Kg6 53. Rf8 Re3 54. hxg5 hxg5 55. Re8 Kf6 56. Rf8+ Ke5 57. Rf5+ Kxe4 58. Rxg5 Ra3 59. Rg8 Ra2+ 60. Kg1 Ra3 1/2-1/2